000 00483nam a22001817a 4500
003 MPLRDC
005 20220105061121.0
008 210129b ||||| |||| 00| 0 eng d
020 _a978-983-3860-92-0
082 _a947.416 XYL-2 v.6 c.2
100 _a徐有利
245 _a漫画故事. 6
_c
260 _a马来西亚
_bG. APPLE STUDIO SDN BHD
_c
300 _b
490 _a哥妹倆
650 _a短篇连环漫画(5册以下)
942 _cBK
_o947.416 XYL-2 v.6 c.2
999 _c69051
_d69041